| 000 | 01798cam a2200229 4500500 | ||
|---|---|---|---|
| 005 | 20260322003223.0 | ||
| 041 | _afre | ||
| 042 | _adc | ||
| 100 | 1 | 0 |
_aHajiyev, Rasul _eauthor |
| 700 | 1 | 0 |
_aDos Santos Paulino, Victor _eauthor |
| 245 | 0 | 0 | _aCollaborative Decision-Making in CoPS Industries: A Systematic Literature Review |
| 260 | _c2025. | ||
| 500 | _a38 | ||
| 520 | _aComplex Products and Systems (CoPS) industries have distinct features that differentiate them from mass-produced consumer goods as they are technological systems of high complexity, high risk, and value, which are produced as customized or small batches of capital goods and require high investments. These industries are significantly influenced by regulators. Many academic articles have already been developed in this field but there is a need to carefully analyze this literature to study the role of public institutions in the development of CoPS. The influence of the supportive and restrictive roles of public institutions on the public-private collaborations, thereby the collaborative decision-making and the knowledge sharing processes in this field need to be thoroughly studied. This research is focused on analyzing the CoPS literature developed from 1995 to 2024 and tries to show the development trend and identify possible future research avenues by linking the research findings in this field. | ||
| 690 | _aCollaborative Governance | ||
| 690 | _aComplex Products and Systems | ||
| 690 | _aPublic-Private Collaboration | ||
| 690 | _aPublic-Private Partnership | ||
| 690 | _aSystematic Literature Review | ||
| 786 | 0 | _nInnovations | hors-série | HS1 | 2025-10-10 | p. 31-31 | 1267-4982 | |
| 856 | 4 | 1 | _uhttps://shs.cairn.info/journal-innovations-2025-HS1-page-31?lang=en&redirect-ssocas=7080 |
| 999 |
_c1730156 _d1730156 |
||